Para participar en lo justo (Record no. 9020)

MARC details
000 -CABECERA
campo de control de longitud fija 01057nam a2200277 a 4500
001 - NÚMERO DE CONTROL
campo de control BRL_207
005 - FECHA Y HORA DE LA ÚLTIMA TRANSACCIÓN
campo de control 20190320210632.0
008 - DATOS DE LONGITUD FIJA--INFORMACIÓN GENERAL
campo de control de longitud fija 880816s2013----mx-a######---s000-0#spa-#
020 ## - NÚMERO INTERNACIONAL ESTÁNDAR DEL LIBRO
Número Internacional Estándar del Libro 9786070072642
041 ## - CÓDIGO DE LENGUA
Código de lengua del texto/banda sonora o título independiente spa
044 ## - CÓDIGO DEL PAÍS DE LA ENTIDAD EDITORA/PRODUCTORA
Código MARC del país mx
050 #4 - SIGNATURA TOPOGRÁFICA DE LA BIBLIOTECA DEL CONGRESO
Número de clasificación ND259.R33
Número de documento/Ítem .P37 2013
245 10 - MENCIÓN DE TÍTULO
Título Para participar en lo justo
Resto del título recuperando la obra de Fanny Rabel
Mención de responsabilidad, etc. compiladoras Dina Comisarenco Mirkin, Ana María Torres, Karen Cordero Reiman.
260 ## - PUBLICACIÓN, DISTRIBUCIÓN, ETC.
Lugar de publicación, distribución, etc. México
Nombre del editor, distribuidor, etc. Impresores en Offset y Serigrafía
Fecha de publicación, distribución, etc. 2013
300 ## - DESCRIPCIÓN FÍSICA
Extensión 243 p.
Otras características físicas il. (algunas a color)
Dimensiones 23 cm.
500 ## - NOTA GENERAL
Nota general Incluye lista de exposiciones individuales de Fanny Rabel
500 ## - NOTA GENERAL
Nota general Incluye piezas de la Colección Ruth D. Lechuga : p. 168 y 170
500 ## - NOTA GENERAL
Nota general Se cuenta con 2 ejemplares
504 ## - NOTA DE BIBLIOGRAFÍA, ETC.
Nota de bibliografía, etc. Bibliografía : p. 233-242
600 14 - PUNTO DE ACCESO ADICIONAL DE MATERIA--NOMBRE DE PERSONA
Nombre de persona Rabel, Fanny
Fechas asociadas al nombre 1924-
9 (RLIN) 23225
650 14 - PUNTO DE ACCESO ADICIONAL DE MATERIA--TÉRMINO DE MATERIA
Término de materia o nombre geográfico como elemento de entrada Pintores mexicanos
Subdivisión de forma Exposiciones
9 (RLIN) 23226
700 1# - PUNTO DE ACCESO ADICIONAL--NOMBRE DE PERSONA
Nombre de persona Comisarenco Mirkin, Dina
Término indicativo de función/relación comp.
9 (RLIN) 3508
700 1# - PUNTO DE ACCESO ADICIONAL--NOMBRE DE PERSONA
Nombre de persona Torres, Ana María
Término indicativo de función/relación comp.
9 (RLIN) 23227
700 1# - PUNTO DE ACCESO ADICIONAL--NOMBRE DE PERSONA
Nombre de persona Cordero Reiman, Karen
Término indicativo de función/relación comp.
9 (RLIN) 23228
942 ## - ELEMENTOS DE PUNTO DE ACCESO ADICIONAL (KOHA)
Fuente del sistema de clasificación o colocación Library of Congress Classification
Tipo de ítem Koha Libros
Holdings
Estado de retiro Estado de pérdida Estado dañado No para préstamo Localización permanente Ubicación/localización actual Fecha de adquisición Total de préstamos Signatura topográfica completa Código de barras Fecha visto por última vez Precio válido a partir de Tipo de ítem Koha
El ejemplar forma parte de la colección y puede ser consultado según las políticas vigentes.       Biblioteca Centro de Estudios Ruth D. Lechuga Biblioteca Centro de Estudios Ruth D. Lechuga 13/12/2012   ND259.R33 .P37 2013 00002 22/03/2019 22/03/2019 Libros
El ejemplar forma parte de la colección y puede ser consultado según las políticas vigentes.       Biblioteca Centro de Estudios Ruth D. Lechuga Biblioteca Centro de Estudios Ruth D. Lechuga 04/10/2016   ND259.R33 .P37 2013 00003 22/03/2019 22/03/2019 Libros